Ice Hockey Countries Quiz Stats

 Plays Quiz Updated Oct 15, 2018

Score 0/15 Timer 03:00
0 Plays Today
Rank Country % Correct
1Canada
99.7%
2United States
99%
4Russia
97.8%
6Sweden
94.4%
5Finland
91%
9Germany
87.1%
14Norway
84.6%
8France
77.2%
Rank Country % Correct
12United Kingdom
76.1%
3Czechia
71.6%
7Switzerland
68.6%
15Latvia
62.9%
11Slovakia
61.9%
13Austria
58.2%
10Japan
57.7%

You're not logged in!

Compare scores with friends on all Sporcle quizzes.
OR
Log In

Show Comments

Extras

Top Quizzes Today


Score Distribution

Your Account Isn't Verified!

In order to create a playlist on Sporcle, you need to verify the email address you used during registration. Go to your Sporcle Settings to finish the process.

Report this User

Report this user for behavior that violates our Community Guidelines.

Details: